LEADER 01758nam 2200445 450 001 000016791 005 20060120110146.0 010 $a0-12-181887-X$bParte B 010 $a0-12-181969-8$bParte C 100 $a20031016d--------km-y0itay0103----ba 101 0 $aeng 102 $aUS 200 1 $aPhotosynthesis and nitrogen fixation$fedited by Anthony San Pietro 210 $aNew York...[etc.]$cAcademic Press 215 $av.$cill.$d24 cm 225 2 $aMethods in enzymology$v24 ; 69 327 0 $aParte B. - 1972. - XVII, 526 p.$aParte C. - 1980. - XXV, 894 p. 410 1$12001$aMethods in enzymology$v24 ; 69 606 $aAzoto$xFissazione 606 $aFotosintesi clorofilliana 676 $a572.545$v(21. ed.)$9Biochimica. Fissazione dell'azoto 676 $a572.46$v(21. ed.)$9Metabolismo. Fotosintesi 702 1$aSan Pietro,$bAnthony 801 0$aIT$bUniversità della Basilicata - B.I.A.$gRICA$2unimarc 912 $a000016791 996 $aPhotosynthesis and nitrogen fixation$981960 997 $aUNIBAS BAS $aAGRARIA CAT $aSTD031$b01$c20031016$lBAS01$h1709 CAT $aSTD031$b01$c20031016$lBAS01$h1745 CAT $aTORRE$b20$c20031027$lBAS01$h1148 CAT $c20050601$lBAS01$h1755 CAT $abatch$b01$c20050718$lBAS01$h1053 CAT $c20050718$lBAS01$h1112 CAT $c20050718$lBAS01$h1142 CAT $c20050718$lBAS01$h1156 CAT $aTTM$b30$c20060120$lBAS01$h1101 FMT Z30 -1$lBAS01$LBAS01$mBOOK$1BASA2$APolo Tecnico-Scientifico$2DID$BDidattica$3PTS$630606$5A30606$820031016$eXVII, 526$f98$FConsultazione$hParte B Z30 -1$lBAS01$LBAS01$mBOOK$1BASA2$APolo Tecnico-Scientifico$2DID$BDidattica$3PTS$630644$5A30644$820060120$eXXV, 894$f98$FConsultazione$hParte C LEADER 03106nam0 22004813i 450 001 BVE0055938 005 20251003044054.0 010 $a8815045910 100 $a20100910d1994 ||||0itac50 ba 101 | $aita$ceng 102 $ait 181 1$6z01$ai $bxxxe 182 1$6z01$an 200 1 $aˆL'‰analisi strategica nella gestione aziendale$econcetti, tecniche, applicazioni$fRobert M. Grant 210 $aBologna$cIl mulino$d\1994! 215 $a454 p.$d24 cm. 225 | $aStrumenti$i. Economia 410 0$1001CFI0011208$12001 $aStrumenti$i. Economia 500 10$aContemporary strategy analysis$3BVE0055939$9MILV154399$912596 606 $aAziende$xProgrammazione$2FIR$3CFIC003602$9E 676 $a658$9GESTIONE IN GENERALE$v12 676 $a658.4$9GESTIONE IN GENERALE. QUADRI DIRIGENTI E INTERMEDI$v19 676 $a658.4$9GESTIONE ESECUTIVA$v21 676 $a658.4012$9GESTIONE ESECUTIVA. PIANIFICAZIONE E FORMAZIONE DEGL'INDIRIZZI$v21 676 $a658.4012$9GESTIONE ESECUTIVA. Pianificazione e formazione degl'indirizzi$v22 676 $a658.5$9GESTIONE DELLA PRODUZIONE$v21 696 $aImprese 699 $aAziende$yImprese 700 1$aGrant$b, Robert M.$3MILV154399$4070$047346 790 1$aGrant$b, Robert Morris$3MILV154401$zGrant, Robert M. 790 1$aGrant$b, R. M.$3MILV154402$zGrant, Robert M. 790 1$aGrant$b, Robert Morris$3MILV154401$zGrant, Robert M. 790 1$aGrant$b, R. M.$3MILV154402$zGrant, Robert M. 801 3$aIT$bIT-000000$c20100910 850 $aIT-BN0095 $aIT-NA0457 901 $bNAP 01$cLT $n$ 901 $bNAP BI$cSALA 3 $nLibri da 1597 a 3785 901 $bNAP 01$cPOZZO LIB.$nVi sono collocati fondi di economia, periodici di ingegneria e scienze, periodici di economia e statistica e altri fondi comprendenti documenti di economia pervenuti in dono. 912 $aBVE0055938 950 0$aBiblioteca Centralizzata di Ateneo$d 01LT (AR) 15 B 067$e 01AR 0700150675 VMA 1 v.$fY $h20140305$i20140305$d 01LT (AR) 15 B 068$e 01AR 0700150685 VMA (bis 1 v. (2. copia)$fB $h20140305$i20140305$c1 v. in cinque copie$d 01LT (AR) 24 B 375$e 01AR 0700243755 VMA (0005 1 v. (5 copia)$fY $h20190516$i20190516$c1 v. in quattro copie$d 01LT (AR) 24 B 374$e 01AR 0700243745 VMA (0004 1 v. (4. copia)$fB $h20140623$i20140623$c1 v. in tre copie$d 01LT (AR) 24 B 373$e 01AR 0700243735 VMA (ter 1 v. (3. copia)$fB $h20140623$i20140623$c1 v. in due copie$d 01POZZO LIB.DONI DEMM 551$e 01 0000095205E VMA 1 v. (Precedente collocazione: 2 C 223)$fB $h20230420$i20231201$c1 v. in due copie$d 01POZZO LIB.DONI DEMM 551$e 01 0000095215E VMA (bis 1 v. (2. copia. - Precedente collocazione: 2 C 221)$fB $h20230420$i20231201 977 $a 01$a BI 996 $aContemporary strategy analysis$912596 997 $aUNISANNIO